[Event "94th ch-GBR"]
[Site "Great Yarmouth ENG"]
[Date "2007.08.10"]
[Round "11"]
[White "Buckley,G"]
[Black "Conquest,S"]
[Result "0-1"]
[WhiteElo "2379"]
[BlackElo "2546"]
[EventDate "2007.07.30"]

1. d4 Nf6 2. c4 c5 3. d5 b5 4. cxb5 a6 5. bxa6 g6 6. Nc3 Bxa6 7. g3 d6 8.
Bg2 Bg7 9. Nf3 Nbd7 10. Rb1 O-O 11. O-O Ne8 12. Nd2 Nc7 13. a4 Rb8 14. Qc2
Nb6 15. Re1 Bxc3 16. bxc3 Nbxd5 17. Rxb8 Qxb8 18. e4 Nf6 19. e5 dxe5 20.
Rxe5 Ne6 21. Re1 Bb7 22. Ne4 Nxe4 23. Bxe4 Bxe4 24. Qxe4 Qb3 25. Bh6 Rd8
26. Re3 Qd1+ 27. Kg2 Qh5 28. Bf4 Qg4 29. Bh6 Qh5 30. Bf4 Qd1 31. a5 Qa1 32.
Bc7 Nxc7 33. Qxe7 Ne6 34. Rxe6 Qxa5 35. Rc6 Qa8 36. Qc7 Re8 37. Kh3 Qa1 38.
Rf6 Qf1+ 39. Kh4 Qc4+ 40. g4 h6 41. Qd7 Re4 42. h3 Rf4 43. Qe7 Kg7 44. Rxf4
Qxf4 45. Qxc5 Kh7 46. Qd4 g5+ 47. Kh5 Qf3 48. h4 Qc6 0-1

[Event "94th ch-GBR"]
[Site "Great Yarmouth ENG"]
[Date "2007.08.10"]
[Round "11"]
[White "Ward,C"]
[Black "Sowray,P"]
[Result "1/2-1/2"]
[WhiteElo "2439"]
[BlackElo "2352"]
[EventDate "2007.07.30"]

1. d4 Nf6 2. c4 c5 3. d5 e5 4. Nc3 d6 5. e4 Nbd7 6. g3 Be7 7. Bg2 a6 8. a4
Rb8 9. f4 g6 10. Nf3 Nh5 11. fxe5 Nxe5 12. Nxe5 dxe5 13. a5 O-O 14. O-O Ng7
15. Qe2 Bd6 16. Be3 Bd7 17. Na4 Bxa4 18. Rxa4 f5 19. b4 Qe7 20. bxc5 Bxc5
21. Bxc5 Qxc5+ 22. Qf2 Rbc8 23. Qxc5 Rxc5 24. Rb1 fxe4 25. d6 Nf5 26. d7
Rc7 27. Bxe4 Nd6 28. Bd5+ Kg7 29. Rb6 Rxd7 30. c5 Nf7 31. Bxb7 Ng5 32. Ra2
e4 33. Kg2 e3 34. c6 Rdf7 35. Rbb2 Ne4 36. c7 Nd6 37. Bxa6 Rxc7 38. Rb6 Nc4
39. Rb7 Rxb7 40. Bxb7 Nd2 41. Ba6 Rf2+ 42. Kh1 e2 43. Bxe2 Rxe2 44. a6 Re1+
45. Kg2 Nc4 46. a7 Nb6 47. a8=Q Nxa8 48. Rxa8 1/2-1/2

[Event "94th ch-GBR"]
[Site "Great Yarmouth ENG"]
[Date "2007.08.10"]
[Round "11"]
[White "Fowler,S"]
[Black "Arakhamia,K"]
[Result "0-1"]
[WhiteElo "2204"]
[BlackElo "2418"]
[EventDate "2007.07.30"]

1. e4 c5 2. Nf3 e6 3. b3 Nc6 4. Bb2 d5 5. exd5 exd5 6. d4 Nf6 7. Bd3 cxd4
8. Qe2+ Be7 9. Nxd4 O-O 10. O-O Re8 11. Nxc6 bxc6 12. Qf3 Bg4 13. Qg3 d4
14. Qh4 h5 15. f3 Nd5 16. Qf2 Bg5 17. Bxd4 Ne3 18. fxg4 Qxd4 19. Qxf7+ Kh8
20. Qxh5+ Bh6 21. Kh1 Nxf1 22. Nc3 Ne3 23. Qg6 Kg8 24. g5 Bxg5 25. Qh7+ Kf8
26. Qh8+ Ke7 27. Qh5 Qg4 0-1

[Event "94th ch-GBR"]
[Site "Great Yarmouth ENG"]
[Date "2007.08.10"]
[Round "11"]
[White "Bellin,R"]
[Black "Briscoe,C"]
[Result "1-0"]
[WhiteElo "2403"]
[BlackElo "2224"]
[EventDate "2007.07.30"]

1. d4 Nf6 2. Nf3 e6 3. e3 b6 4. Bd3 Bb7 5. O-O Be7 6. Nbd2 d5 7. Ne5 O-O 8.
Qf3 Nbd7 9. Qh3 Re8 10. f4 Nf8 11. Ndf3 N6d7 12. Bd2 f5 13. g4 g6 14. Qg3
Nxe5 15. Nxe5 Bh4 16. Qg2 fxg4 17. Qxg4 Bf6 18. Bb4 Be7 19. Bxg6 Nxg6 20.
Nxg6 Bxb4 21. Ne5+ Kf8 22. f5 Ke7 23. f6+ Kd6 24. Nf7+ Kd7 25. Nxd8 Raxd8
26. f7 1-0

[Event "94th ch-GBR"]
[Site "Great Yarmouth ENG"]
[Date "2007.08.10"]
[Round "11"]
[White "Storey,Ch"]
[Black "Rudd,J"]
[Result "0-1"]
[WhiteElo "2218"]
[BlackElo "2370"]
[EventDate "2007.07.30"]

1. e4 d6 2. h4 Nf6 3. Nc3 c5 4. d3 Nc6 5. h5 h6 6. Rh4 e5 7. Be3 Be7 8. g3
d5 9. Bd2 d4 10. Nce2 Bg4 11. f3 Bxh5 12. Rh2 Bg6 13. Kf2 Nd7 14. Bh3 O-O
15. Bxd7 Qxd7 16. g4 c4 17. Ng3 cxd3 18. cxd3 Nb4 19. N1e2 Nxd3+ 20. Kg2
Nxb2 21. Qb3 Na4 22. Rah1 Nc5 23. Qc4 Qe6 24. Qc1 Rfc8 25. Qa1 Nxe4 26.
Bxh6 Nxg3 27. Kxg3 gxh6 28. Rxh6 Bg5 29. Nxd4 Bf4+ 30. Kg2 exd4 31. Rh8+
Kg7 32. Qxd4+ Qe5 0-1

[Event "94th ch-GBR"]
[Site "Great Yarmouth ENG"]
[Date "2007.08.10"]
[Round "11"]
[White "Posazhennikov,A"]
[Black "Anderson,J"]
[Result "1/2-1/2"]
[WhiteElo "2247"]
[BlackElo "2207"]
[EventDate "2007.07.30"]

1. e4 c5 2. Nf3 Nc6 3. d4 cxd4 4. Nxd4 Nf6 5. Nc3 d6 6. h3 e6 7. g4 h6 8.
g5 hxg5 9. Bxg5 Qb6 10. Nb3 Bd7 11. Qd2 a6 12. O-O-O Ne5 13. Qe2 Rc8 14.
Be3 Qc7 15. f4 Nc4 16. Qxc4 Qxc4 17. Bxc4 Rxc4 18. Na5 Rxc3 19. bxc3 Nxe4
20. Kb2 Rh5 21. Nb3 g6 22. c4 Bg7+ 23. Bd4 Bh6 24. Rhe1 Ng3 25. c5 Bxf4 26.
cxd6 Bxd6 27. Bf6 Be7 28. Bxe7 Kxe7 29. Rd3 Nf5 30. c4 Rh4 31. Kc3 Nd6 32.
c5 Nb5+ 33. Kb2 Ra4 34. Red1 Bc6 35. Re1 f5 36. Rg3 Kf6 37. Reg1 Be8 38.
Nd2 Rb4+ 39. Rb3 Rf4 40. Rd3 e5 41. Rd8 Rb4+ 42. Nb3 Bf7 43. Rd7 Nd4 44.
Ka3 Nc2+ 45. Kb2 Nd4 46. Ka3 Nc2+ 47. Kb2 Nd4 1/2-1/2

[Event "94th ch-GBR"]
[Site "Great Yarmouth ENG"]
[Date "2007.08.10"]
[Round "11"]
[White "Lyell,M"]
[Black "Walker,Mart"]
[Result "1-0"]
[WhiteElo "2187"]
[BlackElo "2262"]
[EventDate "2007.07.30"]

1. e4 e5 2. f4 exf4 3. Nf3 d5 4. exd5 Nf6 5. Bc4 Nxd5 6. Bxd5 Qxd5 7. O-O
Be7 8. d4 O-O 9. Nc3 Qd8 10. Bxf4 Bg4 11. Qd2 Bxf3 12. Rxf3 Bf6 13. Nb5 Nc6
14. c3 a6 15. Na3 Qd7 16. Raf1 Rfe8 17. Nc2 Rad8 18. h3 Re4 19. Kh1 Rde8
20. Ne3 Be5 21. Nf5 Qxf5 22. Bxe5 Qd7 23. Bxg7 Kxg7 24. Qg5+ Kf8 25. Qh6+
Ke7 26. Rxf7+ Kd8 27. Rxd7+ Kxd7 28. Qxh7+ 1-0

[Event "94th ch-GBR"]
[Site "Great Yarmouth ENG"]
[Date "2007.08.10"]
[Round "11"]
[White "Snape,I"]
[Black "Barrett,S"]
[Result "0-1"]
[WhiteElo "2255"]
[BlackElo "2219"]
[EventDate "2007.07.30"]

1. e4 c5 2. Nf3 e6 3. d4 cxd4 4. Nxd4 Nf6 5. Nc3 d6 6. Be3 a6 7. g4 e5 8.
Nf5 h5 9. g5 Nxe4 10. Nxg7+ Bxg7 11. Nxe4 d5 12. Nf6+ Bxf6 13. gxf6 d4 14.
Bg5 Qd5 15. Rg1 Bg4 16. Be2 Qe4 17. Qd3 Qxe2+ 18. Qxe2 Bxe2 19. Kxe2 Nc6
20. Bh6 O-O-O 21. Bg7 Rhe8 22. Rg5 h4 23. Rh5 e4 24. Rxh4 d3+ 25. cxd3
exd3+ 26. Kf1 Ne5 27. Rd1 b5 28. b3 d2 29. Rh3 Nd3 30. Re3 Rxe3 31. fxe3
Nb2 32. Ke2 Nxd1 33. Kxd1 Rd5 34. h4 Kd7 35. e4 Rh5 36. Kxd2 Rxh4 37. Kd3
Ke6 38. Bf8 Ke5 39. a4 Rh3+ 40. Kc2 Kxf6 41. axb5 axb5 42. Bd6 Re3 43. e5+
Rxe5 0-1

[Event "94th ch-GBR"]
[Site "Great Yarmouth ENG"]
[Date "2007.08.10"]
[Round "11"]
[White "Oswald,G"]
[Black "Mason,D"]
[Result "0-1"]
[WhiteElo "2147"]
[BlackElo "2251"]
[EventDate "2007.07.30"]

1. e4 c5 2. Nf3 Nc6 3. d4 cxd4 4. Nxd4 Nf6 5. Nc3 e5 6. Ndb5 d6 7. Bg5 a6
8. Na3 b5 9. Nd5 Be7 10. Bxf6 Bxf6 11. c3 Bg5 12. Nc2 Rb8 13. Be2 O-O 14.
Qd3 Be6 15. Ncb4 Qc8 16. Qg3 Bd8 17. O-O Nxb4 18. Nxb4 a5 19. Nc2 b4 20.
Rfd1 bxc3 21. b3 Qc6 22. Qd3 Bg5 23. Na3 a4 24. Nc4 Bxc4 25. bxc4 Rb2 26.
Rdb1 Rfb8 27. Bd1 Qc5 28. Bc2 Qd4 29. Kf1 Rc8 30. Rxb2 cxb2 31. Rb1 Qxd3+
32. Bxd3 Bc1 33. Ke2 h5 34. Kd1 a3 35. Kc2 Rb8 36. Kc3 Kf8 37. Bc2 Ke7 38.
Ba4 g6 39. Bb5 f5 40. exf5 gxf5 41. Kb4 Ra8 42. Ba4 e4 43. Kxa3 f4 44. Kb4
Rxa4+ 0-1

[Event "94th ch-GBR"]
[Site "Great Yarmouth ENG"]
[Date "2007.08.10"]
[Round "11"]
[White "Poobalasingam,P"]
[Black "White,Mi"]
[Result "0-1"]
[WhiteElo "2133"]
[BlackElo "2246"]
[EventDate "2007.07.30"]

1. d4 Nf6 2. c4 c5 3. d5 b5 4. a4 Qa5+ 5. Bd2 b4 6. Qc2 g6 7. e4 d6 8. f4
Bg7 9. Nf3 e5 10. Bd3 O-O 11. O-O Nxe4 12. Bxe4 f5 13. Bd3 e4 14. Bxe4 fxe4
15. Ng5 Bd4+ 16. Kh1 e3 17. Bc1 Nd7 18. Qd3 Nb6 19. Bxe3 Bxb2 20. Ra2 Bf5
21. Qe2 Bf6 22. Ne6 Rfe8 23. Nd2 b3 24. Ra3 b2 25. g4 Bxe6 26. dxe6 d5 27.
f5 Nxc4 28. Nxc4 dxc4 29. g5 Bd4 30. e7 Qa6 31. f6 Kf7 32. Bxd4 Qc6+ 33.
Kg1 cxd4 34. Qxb2 Qe4 35. Qg2 Qxg2+ 36. Kxg2 c3 37. Kf2 Rab8 38. Ke2 Rb2+
39. Kf3 Rd2 40. Ke4 Rc8 41. Rc1 Rb8 42. Raa1 c2 43. Re1 h5 44. gxh6 Rxh2
45. Kxd4 Rxh6 46. Rac1 Rh2 47. Kd3 Rc8 48. Re3 Rf2 49. Rh1 Rxf6 50. e8=Q+
Rxe8 51. Rh7+ Kg8 52. Rxe8+ Kxh7 53. Re7+ Kh6 54. Kxc2 a6 55. Kb3 g5 56.
Kb4 g4 57. Ka5 Kg5 58. Ra7 g3 59. Rxa6 Rxa6+ 60. Kxa6 g2 61. a5 g1=Q 62.
Kb7 Qc5 63. a6 Qb5+ 64. Ka7 Kf6 0-1

[Event "94th ch-GBR"]
[Site "Great Yarmouth ENG"]
[Date "2007.08.10"]
[Round "11"]
[White "Lalic,S"]
[Black "Bonafont,P"]
[Result "1-0"]
[WhiteElo "2350"]
[BlackElo "2098"]
[EventDate "2007.07.30"]

1. e4 c5 2. Nc3 d6 3. f4 g6 4. Nf3 Bg7 5. Bc4 Nc6 6. O-O e6 7. d3 Nge7 8.
Qe1 h6 9. a3 Nd4 10. Qf2 Nec6 11. Ba2 O-O 12. Kh1 b5 13. Nxd4 Nxd4 14. Be3
Bd7 15. Nd1 Qf6 16. c3 Nc6 17. e5 dxe5 18. Bxc5 Rfc8 19. fxe5 Qxf2 20. Nxf2
Nxe5 21. Bd4 Bc6 22. Rae1 Nd7 23. Bxg7 Kxg7 24. d4 a5 25. Nd3 Ra7 26. d5
exd5 27. Re7 Rf8 28. Ne5 Nxe5 29. Rxa7 a4 30. Kg1 Nd3 31. Rc7 Ba8 32. Rd7
Nxb2 33. Bxd5 Bxd5 34. Rxd5 Nc4 35. Rxb5 Nxa3 36. Ra5 1-0

[Event "94th ch-GBR"]
[Site "Great Yarmouth ENG"]
[Date "2007.08.10"]
[Round "11"]
[White "Constantinou,P"]
[Black "Spence,D"]
[Result "1/2-1/2"]
[WhiteElo "2173"]
[BlackElo "2183"]
[EventDate "2007.07.30"]

1. d4 e6 2. Bf4 Nf6 3. e3 c5 4. c3 b6 5. Nf3 Bb7 6. Bd3 Be7 7. h3 Ne4 8.
Nbd2 f5 9. Bxe4 fxe4 10. Ng5 Bxg5 11. Qh5+ g6 12. Qxg5 Qxg5 13. Bxg5 d5 14.
f3 exf3 15. Nxf3 Nc6 16. Kd2 1/2-1/2

[Event "94th ch-GBR"]
[Site "Great Yarmouth ENG"]
[Date "2007.08.10"]
[Round "11"]
[White "Hanley,Ja"]
[Black "Armstrong,M"]
[Result "1-0"]
[WhiteElo "2213"]
[BlackElo "2126"]
[EventDate "2007.07.30"]

1. e4 c6 2. d4 d5 3. Nc3 dxe4 4. Nxe4 Nf6 5. Nxf6+ exf6 6. Nf3 Bd6 7. Bd3
Qe7+ 8. Be3 O-O 9. O-O Bg4 10. h3 Bh5 11. Re1 Qc7 12. c4 Bb4 13. Rf1 Bd6
14. a3 Nd7 15. c5 Bh2+ 16. Kh1 Bf4 17. Qd2 Bxe3 18. fxe3 Rfe8 19. Qf2 Bxf3
20. Qxf3 Rad8 21. Rad1 Re7 22. b4 Rde8 23. e4 b6 24. Bc2 a5 25. Qc3 axb4
26. axb4 bxc5 27. bxc5 Ra8 28. Qc4 Ree8 29. Bb3 Rf8 30. e5 Rae8 31. Rd3 Kh8
32. Rdf3 Qd8 33. Ba4 fxe5 34. Bxc6 exd4 35. Bxd7 Qxd7 36. c6 Qd6 37. Rxf7
Rxf7 38. Qxf7 Rc8 39. Qd7 Qxd7 40. cxd7 Rd8 41. Re1 1-0

[Event "94th ch-GBR"]
[Site "Great Yarmouth ENG"]
[Date "2007.08.10"]
[Round "11"]
[White "Foord,D"]
[Black "Kwiatkowski,F"]
[Result "0-1"]
[WhiteElo "1950"]
[BlackElo "2255"]
[EventDate "2007.07.30"]

1. e4 c5 2. Nc3 Nc6 3. f4 g6 4. Nf3 Bg7 5. Bc4 e6 6. O-O Nge7 7. Qe1 O-O 8.
d3 d5 9. Bb3 Na5 10. Bd2 b6 11. Nd1 dxe4 12. dxe4 Ba6 13. Rf2 Nec6 14. c3
Bd3 15. Bc1 Qc7 16. Bc2 Rad8 17. Rd2 Bxc2 18. Rxc2 Rd7 19. Nf2 f6 20. b4
Nc4 21. Qe2 b5 22. bxc5 Rfd8 23. Rb1 a6 24. a4 Rb8 25. axb5 axb5 26. Nd3
Bf8 27. Kh1 Rbd8 28. Nfe1 Na7 29. f5 e5 30. fxg6 hxg6 31. Nb4 Qxc5 32. Ned3
Qd6 33. Ra2 Qe6 34. Ra6 Rxd3 35. h3 Rxh3+ 36. gxh3 Qxh3+ 0-1

[Event "94th ch-GBR"]
[Site "Great Yarmouth ENG"]
[Date "2007.08.10"]
[Round "11"]
[White "Makepeace,P"]
[Black "Adams,D"]
[Result "0-1"]
[WhiteElo "1978"]
[BlackElo "2234"]
[EventDate "2007.07.30"]

1. e4 Nf6 2. e5 Nd5 3. c4 Nb6 4. c5 Nd5 5. Nc3 e6 6. d4 d6 7. cxd6 cxd6 8.
Nf3 Nc6 9. Nxd5 exd5 10. Qb3 dxe5 11. dxe5 Bb4+ 12. Bd2 Bxd2+ 13. Nxd2 Nxe5
14. Bb5+ Nc6 15. Rc1 O-O 16. Bxc6 bxc6 17. O-O Qf6 18. Qa3 Bf5 19. Nb3 h5
20. Rfd1 Rfe8 21. Nd4 Bd7 22. Qc5 h4 23. Rd3 Re4 24. f3 Re5 25. Ra3 Qg5 26.
f4 Qxf4 27. Rf1 Qh6 28. Rxa7 Qe3+ 29. Kh1 Rxa7 30. Qxa7 Qf2 31. Rg1 Re1 32.
Qb8+ Kh7 33. Nf3 Rxg1+ 34. Nxg1 Bf5 35. Qe5 Be4 36. Qg5 g6 37. Qg4 Kg7 38.
a4 Qxb2 0-1

[Event "94th ch-GBR"]
[Site "Great Yarmouth ENG"]
[Date "2007.08.10"]
[Round "11"]
[White "Smith,G"]
[Black "Dickson,G"]
[Result "1/2-1/2"]
[WhiteElo "2129"]
[BlackElo "2168"]
[EventDate "2007.07.30"]

1. e4 e5 2. Nf3 Nc6 3. Bb5 a6 4. Bxc6 dxc6 5. Nc3 Bg4 6. h3 Bxf3 7. Qxf3
Qf6 8. d3 Qxf3 9. gxf3 O-O-O 10. f4 exf4 11. Bxf4 Bd6 12. Bd2 Ne7 13. O-O-O
f6 14. Ne2 c5 15. f4 Nc6 16. c3 Rhe8 17. Kc2 c4 18. Nd4 Bc5 19. Nxc6 cxd3+
20. Kb3 bxc6 21. Rhe1 Bf2 22. Rf1 Bh4 23. Be1 Bxe1 24. Rfxe1 d2 25. Re2 Rd3
26. Rdxd2 Rxd2 27. Rxd2 Rxe4 28. f5 Rf4 29. Rg2 Rxf5 30. Rxg7 Rh5 31. Rf7
Rxh3 32. Rxf6 Kb7 33. a3 Rh2 34. a4 h5 35. Rh6 Kb6 36. Rh8 c5 37. Rb8+ Kc6
38. Ra8 1/2-1/2

[Event "94th ch-GBR"]
[Site "Great Yarmouth ENG"]
[Date "2007.08.10"]
[Round "11"]
[White "McEwan,K"]
[Black "Stokes,I"]
[Result "1-0"]
[WhiteElo "2170"]
[BlackElo "2055"]
[EventDate "2007.07.30"]

1. e4 c5 2. Nc3 a6 3. g3 b5 4. Bg2 Bb7 5. d3 e6 6. f4 d5 7. Qe2 Be7 8. Nf3
Nf6 9. e5 Nfd7 10. O-O Nc6 11. Nd1 Nd4 12. Nxd4 cxd4 13. c3 Bc5 14. Kh1 Qe7
15. cxd4 Bxd4 16. Be3 Bxe3 17. Nxe3 O-O 18. d4 Qb4 19. Rad1 Nb6 20. b3 Rae8
21. Qg4 f5 22. exf6 Rxf6 23. Qe2 Qd6 24. Ng4 Rff8 25. Rf2 Nd7 26. Rdf1 b4
27. Re1 g6 28. Rf3 a5 29. Re3 Ba6 30. Qc2 Re7 31. Qb1 Rc8 32. f5 Nf8 33.
fxe6 h5 34. Nf6+ Kg7 35. Nxd5 Rxe6 36. Nf4 Rxe3 37. Rxe3 Rc3 38. Qe1 Rxe3
39. Qxe3 Bc8 40. d5 Bf5 41. Qa7+ Nd7 42. h4 Qc5 43. Qb7 Qb6 44. Qc6 Qxc6
45. dxc6 Nb6 46. Nd5 Nc8 47. c7 Bb1 48. Bh3 Nd6 49. Ne3 Be4+ 50. Kg1 Bb7
51. Kf1 Kf6 52. Ke1 Ke5 53. Nc4+ Nxc4 54. bxc4 a4 55. Kd2 b3 56. axb3 1-0

[Event "94th ch-GBR"]
[Site "Great Yarmouth ENG"]
[Date "2007.08.10"]
[Round "11"]
[White "Zhou,Y"]
[Black "Griffiths,R"]
[Result "0-1"]
[WhiteElo "2069"]
[BlackElo "2046"]
[EventDate "2007.07.30"]

1. e4 c5 2. Nf3 d6 3. d4 Nf6 4. Nc3 cxd4 5. Nxd4 a6 6. Bc4 e6 7. Bb3 b5 8.
Bg5 Be7 9. Qf3 Qc7 10. O-O-O b4 11. Nce2 O-O 12. Ng3 Nbd7 13. h4 a5 14.
Bxf6 Nxf6 15. Ba4 Bd7 16. Qb3 Rfc8 17. Kb1 Bxa4 18. Qxa4 Nd7 19. Qb5 Rab8
20. Qe2 Qb6 21. Rh3 Bf6 22. Qe3 Rc4 23. Nge2 Ne5 24. Qd2 Ng4 25. Rf3 Ne5
26. Rh3 Ng4 27. Rf3 e5 28. Nf5 Nxf2 29. Nxd6 Nxe4 30. Nxe4 Rxe4 31. g3 Rd8
32. Rd3 Rxd3 33. Qxd3 Re3 34. Qc4 Qb7 35. Rg1 g6 36. Nc1 Qe4 37. Qc7 Qg4
38. Rf1 Rf3 39. Rxf3 Qxf3 40. Qxa5 Qxg3 41. Qxb4 Qxh4 42. Qxh4 Bxh4 43. a4
e4 44. Ne2 Kf8 45. a5 Ke8 46. b4 Kd7 47. Kb2 Bf2 48. Kc3 h5 49. Nf4 Be1+
50. Kc4 h4 51. a6 Kc7 52. b5 Bf2 53. Nh3 Be3 54. Kd5 f5 55. c4 Kb6 56. Ke5
Bc5 57. Kf4 Bd6+ 58. Ke3 Bc5+ 59. Kf4 Bd6+ 60. Ke3 Be7 61. Ke2 g5 62. Kf1
g4 63. Nf4 Ka7 64. Ne6 h3 65. Nd4 h2 66. Kg2 e3 67. Kxh2 Bc5 68. Ne2 f4 69.
Nxf4 Bd6 70. Kg3 Bxf4+ 71. Kg2 Bd6 72. Kf1 g3 0-1

[Event "94th ch-GBR"]
[Site "Great Yarmouth ENG"]
[Date "2007.08.10"]
[Round "11"]
[White "Tippleston,C"]
[Black "Wilson,A"]
[Result "1-0"]
[WhiteElo "2178"]
[BlackElo "2066"]
[EventDate "2007.07.30"]

1. e4 e6 2. d4 d5 3. exd5 exd5 4. Bd3 Nc6 5. c3 Bd6 6. Ne2 Qh4 7. Ng3 Nge7
8. O-O O-O 9. Nd2 Bg4 10. Qb3 Rab8 11. Qc2 f5 12. f4 Rf6 13. Nf3 Bxf3 14.
Rxf3 Rh6 15. Nf1 Kh8 16. Bd2 Rg8 17. Re1 Nd8 18. Bxf5 Rf8 19. Bd3 Ne6 20.
Rh3 Qf6 21. Rxh6 Qxh6 22. g3 Qf6 23. Bc1 c5 24. Qe2 Nd8 25. dxc5 Bxc5+ 26.
Be3 d4 27. cxd4 Bxd4 28. Bxd4 Qxd4+ 29. Qe3 Qxe3+ 30. Nxe3 Ndc6 31. Be4 Rd8
32. Rd1 Rxd1+ 33. Nxd1 g6 34. Kf2 Kg7 35. Nc3 Kf6 36. Nd5+ Nxd5 37. Bxd5
Nb4 38. Bxb7 Nxa2 39. Ke3 Nb4 40. Be4 h5 41. Kd4 Na6 42. Kd5 Nc7+ 43. Kc6
Ne6 44. b4 g5 45. fxg5+ Kxg5 46. Kb7 Kg4 47. Kxa7 Nd4 48. Kb6 Kh3 49. Kc5
Nb3+ 50. Kc4 Nd2+ 51. Kd3 Nb1 52. b5 1-0

[Event "94th ch-GBR"]
[Site "Great Yarmouth ENG"]
[Date "2007.08.10"]
[Round "11"]
[White "Wise,D"]
[Black "Jain,A2"]
[Result "1/2-1/2"]
[WhiteElo "2189"]
[BlackElo "2002"]
[EventDate "2007.07.30"]

1. d4 Nf6 2. Nf3 e6 3. e3 b6 4. Bd3 Bb7 5. O-O c5 6. c4 Be7 7. Nc3 d5 8.
cxd5 exd5 9. b3 O-O 10. Bb2 Nc6 11. dxc5 bxc5 12. Rc1 Rc8 13. Bf5 Rb8 14.
Na4 Ba6 15. Bd3 Bxd3 16. Qxd3 Nb4 17. Qb1 Ne4 18. Rfd1 1/2-1/2

[Event "94th ch-GBR"]
[Site "Great Yarmouth ENG"]
[Date "2007.08.10"]
[Round "11"]
[White "Grigoryan Lyell,M"]
[Black "Hall,Dan"]
[Result "0-1"]
[WhiteElo "2048"]
[BlackElo "2113"]
[EventDate "2007.07.30"]

1. d4 Nf6 2. Nf3 g6 3. g3 Bg7 4. Bg2 O-O 5. c4 d6 6. Nc3 Nbd7 7. O-O e5 8.
dxe5 Nxe5 9. Nxe5 dxe5 10. Qb3 c6 11. Be3 Qc7 12. Rad1 Be6 13. Qa4 Nd7 14.
c5 f5 15. Rd6 Rfe8 16. Bxc6 bxc6 17. Rxc6 Qb7 18. Rd1 Nf6 19. Ra6 Ng4 20.
Nb5 Nxe3 21. fxe3 Bf8 22. c6 Qe7 23. Rxa7 Rxa7 24. Qxa7 Qxa7 25. Nxa7 Bc5
26. Nb5 Kf7 27. b3 Rc8 28. c7 Ke7 29. Rd3 Bd7 30. Nc3 Bc6 31. Nd1 Rxc7 32.
Rc3 Bb5 33. b4 Bxe2 34. Nb2 Bb6 35. Rxc7+ Bxc7 36. a4 Kd6 37. Kf2 Ba6 38.
b5 Bb7 39. a5 Kc5 40. b6 Bd6 41. a6 Bxa6 42. Na4+ Kb5 43. Nc3+ Kxb6 44.
Nd5+ Kc6 45. Nf6 Be7 46. Nxh7 0-1

[Event "94th ch-GBR"]
[Site "Great Yarmouth ENG"]
[Date "2007.08.10"]
[Round "11"]
[White "De Coverly,R"]
[Black "White,E"]
[Result "1-0"]
[WhiteElo "2086"]
[BlackElo "1969"]
[EventDate "2007.07.30"]

1. e4 e5 2. Nf3 Nc6 3. Bb5 a6 4. Ba4 Nf6 5. O-O Be7 6. Re1 b5 7. Bb3 d6 8.
c3 O-O 9. d4 Bg4 10. d5 Na5 11. Bc2 c5 12. h3 Bd7 13. Nxe5 Bxh3 14. Nxf7
Rxf7 15. gxh3 Qd7 16. Kg2 Raf8 17. Rf1 Nc4 18. Nd2 Ne5 19. f4 Ng6 20. Nf3
Ne8 21. f5 Nh4+ 22. Nxh4 Bxh4 23. Qg4 g5 24. a4 Nf6 25. Qf3 Rg7 26. Qe2 Qe8
27. axb5 axb5 28. Kh1 Re7 29. e5 Rxe5 30. Qf3 Qd7 31. Ra5 Nh5 32. Rg1 Ng3+
33. Rxg3 Bxg3 34. Bxg5 Qg7 35. Qxg3 h6 36. Bf4 Qxg3 37. Bxg3 Re2 38. Bd3
Rxb2 39. Rxb5 Rd2 40. Bb1 Ra8 41. Bxd6 Rxd5 42. Bxc5 Rd2 43. Be3 Re2 44.
Bd4 Rae8 45. Bd3 Re1+ 46. Kg2 Rc8 47. f6 Rd1 48. Be4 h5 49. Rb7 h4 50. Bd5+
Kf8 51. Be6 Ra8 52. Bc5+ Ke8 53. f7+ 1-0